Исследование структуры стеклокристаллического покрытия на подложке Al[2]O[3]; Перспективные материалы конструкционного и медицинского назначения

Detalles Bibliográficos
Parent link:Перспективные материалы конструкционного и медицинского назначения.— 2018.— [С. 172-173]
Autor principal: Кан Ю. В.
Autor Corporativo: Национальный исследовательский Томский политехнический университет Инженерная школа новых производственных технологий Отделение материаловедения
Otros Autores: Кульков С. Н. Сергей Николаевич
Sumario:Заглавие с экрана
Lenguaje:ruso
Publicado: 2018
Colección:Функциональные материалы
Materias:
Acceso en línea:http://earchive.tpu.ru/handle/11683/51894
Formato: MixedMaterials Electrónico Capítulo de libro
KOHA link:https://koha.lib.tpu.ru/cgi-bin/koha/opac-detail.pl?biblionumber=628560

MARC

LEADER 00000naa2a2200000 4500
001 628560
005 20231101133522.0
035 |a (RuTPU)RU\TPU\conf\28814 
035 |a RU\TPU\conf\28797 
090 |a 628560 
100 |a 20181130d2018 k y0rusy50 ca 
101 0 |a rus 
102 |a RU 
105 |a y z 101zy 
135 |a drcn ---uucaa 
181 0 |a i  
182 0 |a b 
200 1 |a Исследование структуры стеклокристаллического покрытия на подложке Al[2]O[3]  |f Ю. В. Кан, С. Н. Кульков 
203 |a Текст  |c электронный 
225 1 |a Функциональные материалы 
230 |a 1 компьютерный файл (pdf; 602 Kb) 
300 |a Заглавие с экрана 
320 |a [Библиогр.: с. 173 (3 назв.)] 
463 1 |0 (RuTPU)RU\TPU\conf\28688  |t Перспективные материалы конструкционного и медицинского назначения  |o сборник трудов Международной научно-технической молодежной конференции, г. Томск, 26–30 ноября 2018 г.  |f Национальный исследовательский Томский политехнический университет, Инженерная школа новых производственных технологий ; Российский фонд фундаментальных исследований ; под ред. С. Н. Кулькова [и др.]  |v [С. 172-173]  |d 2018 
610 1 |a труды учёных ТПУ 
610 1 |a электронный ресурс 
610 1 |a структуры 
610 1 |a стеклокристаллические покрытия 
610 1 |a подложки 
610 1 |a керамические композиты 
610 1 |a биосовместимость 
610 1 |a износостойкость 
610 1 |a пористость 
700 1 |a Кан  |b Ю. В. 
701 1 |a Кульков  |b С. Н.  |c специалист в области материаловедения  |c профессор Томского политехнического университета, доктор физико-математических наук  |f 1952-  |g Сергей Николаевич  |2 stltpush  |3 (RuTPU)RU\TPU\pers\28994 
712 0 2 |a Национальный исследовательский Томский политехнический университет  |b Инженерная школа новых производственных технологий  |b Отделение материаловедения  |h 7871  |2 stltpush  |3 (RuTPU)RU\TPU\col\23508 
801 2 |a RU  |b 63413507  |c 20181205  |g RCR 
856 4 |u http://earchive.tpu.ru/handle/11683/51894 
942 |c BK